000 00760nam a22002417a 4500
005 20130116112229.0
008 130116t xxu||||| |||| 00| 0 eng d
010 _aENG-106581
020 _a978120346277
_c450.00
035 _aEN-90114
037 _bDBAD/PUB
040 _aDPL
_bENG
082 _a657
100 _aGoyal, V. K.
_954781
245 _aCorporate accounting /
_cby V. K. Goyal [and] Ruchi Goyal
260 _aDelhi
_bPHI Learning
_c2013
270 _aDelhi
_bDelhi
_e110092
300 _axiv, 630p.
_b24cm (pbk)
500 _aIncludes index
700 _aGoyal, Ruchi
_954784
942 _2ddc
_cEN
_h657
_mGOY
999 _c73005
_d73005